Wireless Networks First-Step (Record no. 9526)
[ view plain ]
| 000 -LEADER | |
|---|---|
| fixed length control field | 00259nam a2200109Ia 4500 |
| 100 ## - MAIN ENTRY--AUTHOR NAME | |
| Personal name | Jim Geier |
| 245 #0 - TITLE STATEMENT | |
| Title | Wireless Networks First-Step |
| 260 ## - PUBLICATION, DISTRIBUTION, ETC. (IMPRINT) | |
| Place of publication | New Jersey |
| Name of publisher | Willey |
| Year of publication | 1996 |
| 300 ## - PHYSICAL DESCRIPTION | |
| Number of Pages | 816 |
| 942 ## - ADDED ENTRY ELEMENTS (KOHA) | |
| Koha item type | Books |
| Withdrawn status | Lost status | Collection code | Permanent Location | Current Location | Shelving location | Date acquired | Full call number | Accession Number | Koha item type |
|---|---|---|---|---|---|---|---|---|---|
| | | Electrical Engineering | Computing and Engineering Library Block-D | Computing and Engineering Library Block-D | Shelf No.B25 | 2019-09-14 | 658.14 | 5329 | Electrical Engineering |